00578nam a2200181Ia 45000030006000000050017000060080041000230400009000640410012000730820017000851000009001022450146001112600009002573000008002669420007002749990017002819520098002980Nust20170105110301.0161124s9999 xx 000 0 und d cIGIS aEnglish a910.285bESR aESRI aGovernment of pakistan ministry of Food and Agriculture and CO-operatives Soil Survey of Pakistan Reconnaissance Soil Survery SALT RANGE 1975 c2003 a140 cBK c31180d31180 001040708TextaIGISbIGISd0000-00-00l0o910.285ESRpIGIS1088r2017-01-05w0000-00-00yBK